000 00451nam a2200181Ia 4500
001 14023
005 20260306164844.0
008 260306t2001||||xx |||||||||||||| ||spa||
041 _aESP
082 _a005.82
_bF98
100 _aFúster Sabater, Amparo
_eAUT
245 0 _aTécnicas criptográficas de protección de datos
260 _c2001
300 _a372 páginas :
_c23 cm.
650 _aGEN
654 _aCCC
942 _cLIB
_dJUS
_fJUS
_2ddc
_n
999 _c14023
_d14023